000 00291nam a22001217a 4500
040 _cSY
082 _a330
100 _aហ៊ីង សាលីន
245 _aសេដ្ឋកិច្ចសង្គមជនបទ
260 _aRUA
_bហ៊ីង
_c2005
300 _a42p.
942 _cKB
999 _c9076
_d9076